00872nam a2200265 i 4500001000300000100003400003245008100037260004900118300003500167504002400202650001600226650002600242655003000268700002100298020001500319040000800334041000800342080002600350920001800376942000700394008004100401999001700442856009800459952004900557bg1 aCHING, Francis D.K.d(1943- ) 0aBuilding construction illustrated /cFrancis D.K. Ching and Cassandra Adams. aNew York [etc.] :bJohn Wiley & Sons,c2001. awiele liczb. :brys. ;c28 cm. aBibliogr. - Indeks. 9aBudownictwo 9aKonstrukcje budowlane aPodręczniki akademickie1 aADAMS, Cassandra a0471358983 cBPK0 aeng a69:624.01/.07](075.8) a0-471-35898-3 cKS s pl f |000 0 pol  c52502d52502 uhttp://koha.tu.koszalin.pl/cgi-bin/koha/opac-detail.pl?biblionumber=52502yKatalog online BPK 00104070aBPKbBPKcwo80969p02330105yKS